Dependence of Revenues of Accommodation Facilities on Domestic and Foreign Tourists in Selected Tourism Regions

Guardado en:
Detalles Bibliográficos
Autor principal: Schmidt, Martin, 2000-
Otros Autores: Uderianová, Lucia, 1999-
Formato: Capítulo de libro
Lenguaje:inglés
Etiquetas: Agregar Etiqueta
Sin Etiquetas, Sea el primero en etiquetar este registro!

MARC

LEADER 00000naa$a2200000$$$4500
001 0314459
005 20260123091109.6
041 0 |a eng 
044 |a SK 
245 1 0 |a Dependence of Revenues of Accommodation Facilities on Domestic and Foreign Tourists in Selected Tourism Regions  |c Martin Schmidt, Lucia Uderianová 
100 1 |a Schmidt, Martin, 2000- 
700 1 |a Uderianová, Lucia, 1999-